| 000 | 01023nam a2200349 a 4500 | ||
|---|---|---|---|
| 001 | vtls000005125 | ||
| 003 | NLI | ||
| 005 | 20210601180444.0 | ||
| 008 | 101125s1978 enk 001 0 eng | ||
| 020 |
_a0333269330 _c£ 15.00 |
||
| 039 | 9 |
_y201011250020 _zVLOAD |
|
| 040 | 0 |
_aNLI _beng _cVERGIS-2003 |
|
| 041 | 0 | _aeng | |
| 044 | _aenk | ||
| 082 | 0 | 4 | _a614.70973 |
| 100 | 1 |
_aEisenbud, Merril _920039 |
|
| 245 | 1 | 0 |
_aEnvironment technology and health: _bHuman Ecology in Historical Perspecticve/ _cMerril Eisenbud |
| 260 |
_aLondon: _bMacmillan Press, _c1978 |
||
| 300 |
_a381 p.; _c24 cm. |
||
| 500 | _aIncludes index | ||
| 650 | 0 |
_aEnvironmental health _zUnited States _920040 |
|
| 650 | 0 |
_aHuman ecology _zUnited States _920041 |
|
| 887 | _aS. Muthiah | ||
| 901 |
_a457362 _b19/01/1980 |
||
| 902 | _aE 614.70973 Ei 83 | ||
| 903 | _a17/02/2004 | ||
| 904 | _aS. Muthiah | ||
| 906 | _a003093 | ||
| 949 |
_AVIRTUAITEM _D10000 _F1 _X100 _6PUR000457362ENG _aE 614.70973 Ei83 |
||
| 942 |
_2ddc _cBKS |
||
| 999 |
_c9012 _d9012 |
||